000 01007cam a2200325 i 4500
999 _c200430128
_d48054
001 200430128
003 TR-AnTOB
005 20220215001223.0
007 ta
008 131226s2000 tu 000 0 tur d
020 _a9756813148
020 _a9789756813140
035 _a(OCoLC)866805048
040 _aTKR
_beng
_erda
_cTKR
_dOCLCO
_dOCLCF
_dOCLCQ
_dTR-AnTOB
041 0 _atur
050 0 0 _aPL234
_b.R83 2000
090 _aPL234
_b.R83 2000
245 0 0 _aRubailer kitabı /
_c[hazırlayan] Hamza Tanyaş.
264 1 _aAnkara :
_bKavaklıdere Kültür Yayınları,
_c2000.
300 _a179 pages ;
_c23 cm.
336 _atext
_btxt
_2rdacontent
337 _aunmediated
_bn
_2rdamedia
338 _avolume
_bnc
_2rdacarrier
490 0 _aKavaklıdere Kültür Yayınları ;
_v7
650 7 _aTurkish poetry.
_2fast
_0(OCoLC)fst01159504
650 7 _aTürk şiiri
_2etuturkob
_984273
700 _aTanyaş, Hamza
_eeditor
_9106429
942 _2lcc
_cBK